| 000 | 02512cam a22004454i 4500 | ||
|---|---|---|---|
| 003 | PE-LiUPU | ||
| 005 | 20250731165407.0 | ||
| 008 | 151014s2014 pe a grm 000 0 spa d | ||
| 035 | _a(Sirsi) a154854 | ||
| 040 |
_aPE-LiUPU _bspa _cPE-LiUPU _erda |
||
| 099 |
_aTE 3 _bG79 2014 |
||
| 100 | 1 |
_aGranados Cabrera, Guiovanna Julia _eautor |
|
| 245 | 1 | 3 |
_aEl clima organizacional y su relación con el desempeño laboral de los docentes de la Institución Educativa Inicial Particular "La Casita de Chocolate", 2014 / _cGuiovanna Julia Granados Cabrera. |
| 264 | 0 | _c2014. | |
| 300 |
_a84 hojas : _bilustraciones; _c30 cm |
||
| 336 |
_atext _2rdacontent |
||
| 337 |
_aunmediated _2rdamedia |
||
| 338 |
_avolume _2rdacarrier |
||
| 502 |
_aTesis _b(Mg.) -- _cUniversidad Peruana Unión, _d2014. |
||
| 504 | _aIncluye referencias | ||
| 520 | 3 | _aEl objetivo general de nuestra investigación fue explicar la relación del clima organizacional con el desempeño laboral de los docentes de la institución educativa inicial particular "La Casita de Chocolate", 2014. Para nuestra investigación del tipo de estudio fue descriptivo, correlativo y transeccional. Entre otros, los resultados más importantes resaltan que la existencia de estabilidad laboral para los docentes que laboran en el I.E.I.P. "La Casita de Chocolate" se relaciona con su productividad en el puesto; las oportunidades de progreso que tienen los docentes que laboran en el I.E.I.P. "La Casita de Chocolate" se reflejan en su puntualidad y asistencia; las remuneraciones e incentivos que perciben favorecen la calidad de la labor docente; los docentes que laboran en el I.E.I.P. "La Casita de Chocolate" es positiva, ya que realiza reconocimientos al esfuerzo de los docentes. Como conclusión, el clima organizacional se relaciona significativamente con el desempeño laboral de los docentes de la Institución Educativa Inicial Particular "La Casita de Chocolate". 2014. | |
| 526 | _aSEG44 | ||
| 526 | _aSEG26 | ||
| 526 | _aP151 | ||
| 526 | _aP150 | ||
| 526 | _aP149 | ||
| 526 | _aP146 | ||
| 526 | _aP145 | ||
| 526 | _aP126 | ||
| 526 | _aP125 | ||
| 526 | _aP92 | ||
| 526 | _aP75 | ||
| 526 | _aP74 | ||
| 526 | _aP27 | ||
| 526 | _aP15 | ||
| 650 | 0 | 4 |
_a: Profesores _xEnseñanza primaria _xCondiciones de trabajo |
| 596 | _a1 | ||
| 942 |
_2ddc _cTESIS |
||
| 999 |
_aTE 3 G79 2014 _wALPHANUM _c7547 _iT01593 _lCCODEBUL3 _mBUL _r1 _sY _tTESIS _u2015-10-14 _xPOSGRADO _PP57 _o.STAFF. Tesis _d7547 |
||
| 980 |
_81 _gALBERTO SANCHEZ Responsable de Automatización |
||